00565 2200205 4500245009000000020002200090250001100112100001900123700002400142650001800166650001000184005001900194260005700213041001400270084001100284300002400295336000900319337001000328338002100338 aPendidikan Agama Kristen dan Budi Pekerti untuk SMA/SMK Kelas XcJulia SulaemanhText a978-602-244-465-7 aCet. 1 aJulia Sulaeman aDewaki Kramadibrata aAgama Kristen aEbook a20230616072452 aJakartabKementerian Pendidikan dan Kebudayaanc2021 aIndonesia a230.01 axx, 236 hlm. :cPDF atext aother aother (computer)